Normal view
MARC view
Entry Personal Name
001 - CONTROL NUMBER
- control field: 14936
003 - CONTROL NUMBER IDENTIFIER
- control field: OSt
005 - DATE AND TIME OF LATEST TRANSACTION
- control field: 20210922133602.0
008 - FIXED-LENGTH DATA ELEMENTS
- fixed length control field: 210922|| aca||aabn | a|a d
040 ## - CATALOGING SOURCE
- Original cataloging agency: OSt
- Transcribing agency: OSt
100 ## - HEADING--PERSONAL NAME
- Personal name: Kappeler,Peter M. & Van Schaik,Carel P.;
670 ## - SOURCE DATA FOUND
- Source citation: Work cat.: (OSt)0: Kappeler,Peter M. & Van Schaik,Carel P.;, Sexual selection in primates., 2004.
